| 000 | 00567nam a2200181 a 4500 | ||
|---|---|---|---|
| 001 | 000027089 | ||
| 005 | 20240308073618.0 | ||
| 008 | 110329s1983 dr a 000 0 spa d | ||
| 040 |
_aDO-SdBNP _bspa _cBNPHU |
||
| 082 |
_axxx _bD325h |
||
| 100 | 1 |
_aDeive, Carlos Esteban, _d1935-2019 _91916 |
|
| 245 | 1 | 0 |
_aHeterodoxia e inquisición en Santo Domingo 1492-1822 / _cCarlos Esteban Deive. |
| 260 |
_aSanto Domingo : _bTaller, _c1983. |
||
| 300 |
_a400 p. ; : _bil. ; _c24 cm. |
||
| 490 | 1 |
_aEnsayo _vno. 5 |
|
| 586 | _aPremio Siboney 1982 | ||
| 830 | 0 |
_aEnsayo _nno. 5 _954166 |
|
| 999 |
_c26581 _d26581 |
||